00690nam a2200217ua 450000100060000000300080000600500170001400800410003103500190007204000240009104100080011508200240012310000350014724501120018225000120029426000500030630000300035650000190038665000310040571000360043646660BD-RjUL20211209054203.0160803s1968 pk 001 0 eng  a(BD-RjUL)46779 aDLCcCarPdDLCbeng aeng 223a347.9bNIC 1968 aNizamy, Muhammad Mazhar Hasan 14aThe Code of civil procedure (V of 1908) with commentary /cwith commentary by Muhammad Mazhar Hasan Nizamy. a6th ed. aLahore :bAll Pakistan Legal Division,c1968. alx, 626, 136 p. ;c24 cm. aIncludes index 0aCivil procedurezPakistan.2 aFazal i-Haq. [from old catalog]